000
00281nam a22001337a 4500
008
180221b xxu||||| |||| 00| 0 eng d
020
_a
9780065004106
041
_a
eng
080
_2
4th
_a
574
100
_a
9
101
_a
MJE
245
_a
Ecology
_c
Krebs,C.J
942
_2
udc
_c
BK
999
_c
43088
_d
43088